000 00506nam a2200181Ia 4500
001 3682
005 20260306145701.0
008 260306t2018||||xx |||||||||||||| ||spa||
041 _aESP
082 _a302
_bB28
100 _aBautista Cárdenas, Nelly Patricia
_eAUT
245 0 _aTres perspectivas en psicología social:
_bparadigmas latinoamericano, europeo y estadounidense
260 _c2018
300 _axvi, 294 páginas :
_c23 cm.
650 _aGEN
654 _aCPS
942 _cLIB
_dJUS
_fJUS
_2ddc
_n
999 _c3682
_d3682